000 00578nam a2200277Ia 4500
001 Z_1419
003 CHAP
008 220113s198X xx 000 0 und d
010 _a164508
040 _cCHAP
090 _aFolleto 279
100 _a
245 _aReseña histórica de la acuacultura en México /
_c
260 _a[México :
_bs.e.,
_c198X
300 _app.4-12
440 _a
500 _a
503 _a
650 _aAcuicultura
_9758
901 _aFolleto 279
902 _aA
910 _a198X
942 _cc14
942 _cc14
999 _c164508
_d164508